Alain Bruel, Jacques Faget, Lucille Jacques, Monique Joecker, Claire Neirinck, Gérard Poussin, De la parenté à la parentalité, érès, 2001, Sous la direction de Daniel Coum, Des parents ! À quoi ça sert ?, Érès, 2001, Jean-Claude Arfouilloux, Gilbert Diatkine, Annette Fréjaville, Auguste N’Guyen, Éducation et maltraitance, puf, 2001 (notice n° 1586825)
[ vue normale ]
| 000 -LEADER | |
|---|---|
| fixed length control field | 01633cam a2200157 4500500 |
| 005 - DATE AND TIME OF LATEST TRANSACTION | |
| control field | 20251228060034.0 |
| 041 ## - LANGUAGE CODE | |
| Language code of text/sound track or separate title | fre |
| 042 ## - AUTHENTICATION CODE | |
| Authentication code | dc |
| 100 10 - MAIN ENTRY--PERSONAL NAME | |
| Personal name | Renard, Laurent |
| Relator term | author |
| 245 00 - TITLE STATEMENT | |
| Title | Alain Bruel, Jacques Faget, Lucille Jacques, Monique Joecker, Claire Neirinck, Gérard Poussin, De la parenté à la parentalité, érès, 2001, Sous la direction de Daniel Coum, Des parents ! À quoi ça sert ?, Érès, 2001, Jean-Claude Arfouilloux, Gilbert Diatkine, Annette Fréjaville, Auguste N’Guyen, Éducation et maltraitance, puf, 2001 |
| 260 ## - PUBLICATION, DISTRIBUTION, ETC. | |
| Date of publication, distribution, etc. | 2002.<br/> |
| 500 ## - GENERAL NOTE | |
| General note | 95 |
| 520 ## - SUMMARY, ETC. | |
| Summary, etc. | Résumé La marionnette peut être efficace dans l’abord des psychoses de l’enfant où elle peut servir comme support métonymique à un site créatif, tenant-lieu de fabrique du corps selon l’expression de Jean Oury, et à une relance de la parole. Son utilisation doit s’accompagner d’une réflexion sur ce qu’elle induit et est à même de susciter, en premier lieu chez les soignants qui la proposent. Le fait d’être un objet spéculaire lui confère en effet une place à part dans l’arsenal thérapeutique qui nécessite pour chacun d’en repérer les contours. Mais pour qu’elle ait des chances de devenir un objet régulateur pour un sujet qui y consentira, le cadre théorico-pratique de son utilisation est l’élément supplémentaire et indispensable aux techniques de fabrication et de jeu qu’elle requiert. |
| 786 0# - DATA SOURCE ENTRY | |
| Note | Enfances & Psy | 17 | 1 | 2002-05-01 | p. 145a-149a | 1286-5559 |
| 856 41 - ELECTRONIC LOCATION AND ACCESS | |
| Uniform Resource Identifier | <a href="https://shs.cairn.info/revue-enfances-et-psy-2002-1-page-145a?lang=fr&redirect-ssocas=7080">https://shs.cairn.info/revue-enfances-et-psy-2002-1-page-145a?lang=fr&redirect-ssocas=7080</a> |
Pas d'exemplaire disponible.




Réseaux sociaux